| 000 | 00676nam a2200193Ia 4500 | ||
|---|---|---|---|
| 008 | 181130s2018 xx 000 0 und d | ||
| 100 | _aAhsan, A.H.M. Kamrul | ||
| 245 |
_aDo legal prescriptions ensure public accountability?: _binsights and lessons from local governments in Bangladesh |
||
| 260 | _c2018 | ||
| 300 | _ap.57-67. | ||
| 504 | _dMar | ||
| 650 | _aAccountability - Bangladesh | ||
| 650 | _aGovernance - Bangladesh | ||
| 650 | _aLocal government - Bangladesh | ||
| 650 | _aPublic accountability | ||
| 700 | _aChowdhury, Mst. Shuvra and Panday, Pranab | ||
| 773 | _aAsia Pacific Journal of Public Administration | ||
| 906 | _aLocal government - Bangladesh | ||
| 999 |
_c506527 _d506527 |
||